Lesné hospodárstvo v Slovenskej republike za roky 1997-2001

Gespeichert in:
Bibliographische Detailangaben
Format: Buch
Sprache:Slowakisch
Englisch
Veröffentlicht: Bratislava Štatistický úrad Slovenskej republiky 2002
Schriftenreihe:Pôdohospodárstvo a životné prostredie
Schlagworte:
Tags: Tag hinzufügen
Keine Tags, Fügen Sie das erste Tag hinzu!

MARC

LEADER 00000nam a2200000 4500
001 c142123
005 20251202133215.9
041 0 |a slo 
041 0 |a eng 
044 |a SK 
245 1 0 |a Lesné hospodárstvo v Slovenskej republike za roky 1997-2001 
264 1 |a Bratislava  |b Štatistický úrad Slovenskej republiky  |c 2002 
300 |a 55 s. 
490 1 |a Pôdohospodárstvo a životné prostredie 
830 0 |a Pôdohospodárstvo a životné prostredie 
610 2 0 |a Slovensko 
610 2 0 |a hospodárstvo lesné